| 000 | 01176nam a2200301Ia 4500 | ||
|---|---|---|---|
| 999 |
_c5517 _d5517 |
||
| 003 | OSt | ||
| 005 | 20200616201733.0 | ||
| 008 | 191128s1974 sp 001 0 spa d | ||
| 020 | _a8403760094 | ||
| 040 |
_aCO-JMCR _cCO-JMCR |
||
| 041 | 1 |
_aspa _heng |
|
| 082 | 0 | 4 |
_a330.126 / _bT919n _223 |
| 100 | 1 |
_aTullock, Gordon, _eautor _95668 |
|
| 245 | 1 | 0 |
_aNecesidades privadas y medios públicos : _banálisis económico del nivel deseable de intervención pública / _cGordon Tullock ; traducción del inglés por Luis A. Martin Merino |
| 250 | _aPrimera edición | ||
| 260 |
_aMadrid : _bAguilar, _c1974 |
||
| 300 |
_a191 páginas ; _c20 cm. |
||
| 490 | 0 | _aBiblioteca Aguilar de iniciación a la economía | |
| 500 | _aIncluye índice alfabético de autores y materias páginas 189-191. | ||
| 505 | _aTeoría -- Práctica | ||
| 546 | _aTraducido del inglés | ||
| 650 | 1 | 4 |
_aIntervención del estado _xFunción pública _95669 |
| 650 | 2 | 4 |
_a Participación del estado _xPolítica gubernamental _95670 |
| 650 | 2 | 4 |
_a Consecuencias económicas _95671 |
| 650 | 2 | 4 |
_aConsecuencias sociales _95672 |
| 700 | 1 |
_aMartin Merino, Luis A., _etraductor _95103 |
|
| 942 |
_2ddc _cBK |
||